| 000 | 00000nam##2200000za#4500 |
| 001 | 9.570302 |
| 003 | CaOODSP |
| 005 | 20210624182158 |
| 007 | cr ||||||||||| |
| 008 | 150406|2009||||xxc|||||o f|0| 0 eng|d |
| 040 | |aCaOODSP|beng |
| 043 | |an-cn--- |
| 086 | 1 |aYC28-0/402-5E-PDF |
| 110 | 1 |aCanada. |bParliament. |bSenate. |bStanding Committee on Aboriginal Peoples. |
| 245 | 10|aNew voter identification procedures and related impacts on Aboriginal peoples and communities in Canada : |h[electronic resource]|bfifth report of the Standing Senate Committee on Aboriginal Peoples / |cThe Honourable Gerry St. Germaine, P.C., chair; The Honourable Nick Sibbeston, deputy chair. |
| 260 | |aOttawa - Ontario : |bSenate. |cMay 2009. |
| 300 | |a13p.|btable |
| 490 | 1 |aReport of the Standing Senate Committee on Aboriginal Peoples|v40th Parliament, 2nd Session, 5th report |
| 590 | |a11-12-Supp|b2011-07-29 |
| 775 | 08|tLes nouvelles mesures d'identification des électeurs et leurs répercussions sur les peuples et les communautés Autochtones du Canada : |w(CaOODSP)9.601046 |
| 830 | #0|aReport of the Standing Senate Committee on Aboriginal Peoples ;|v40th Parliament, 2nd Session, 5th report|w(CaOODSP)9.505264 |
| 856 | 40|ahttp://publications.gc.ca|qPDF|s194 KB|uhttps://publications.gc.ca/collections/collection_2011/sen/yc28-0/YC28-0-402-5-eng.pdf|y40th Parliament, 2nd Session, 5th report |